Normal view MARC view
  • Milgram, Arthur N.

Entry Personal Name

Number of records used in: 1

001 - CONTROL NUMBER

  • control field: 102531

003 - CONTROL NUMBER IDENTIFIER

  • control field: NUST

005 - DATE AND TIME OF LATEST TRANSACTION

  • control field: 20221111084034.0

008 - FIXED-LENGTH DATA ELEMENTS

  • fixed length control field: 221111|| aca||aabn | a|a d

040 ## - CATALOGING SOURCE

  • Original cataloging agency: NUST
  • Transcribing agency: NUST

100 ## - HEADING--PERSONAL NAME

  • Personal name: Milgram, Arthur N.
  • Dates associated with a name: 1912-

670 ## - SOURCE DATA FOUND

  • Source citation: Work cat.: (NUST)188720: Artin, Emil, 102529, Galois theory / , 1998.
© 2023 Central Library, National University of Sciences and Technology. All Rights Reserved.